Timber construction manual
Guardat en:
| Autor principal: | |
|---|---|
| Format: | Llibre |
| Idioma: | Undetermined |
| Publicat: |
Boston
Birkhauser- Publishers for Architecture
2004
|
| Matèries: | |
| Etiquetes: |
Afegir etiqueta
Sense etiquetes, Sigues el primer a etiquetar aquest registre!
|
| Thư viện lưu trữ: | Trung tâm Học liệu Trường Đại học Cần Thơ |
|---|
| LEADER | 00554nam a2200205Ia 4500 | ||
|---|---|---|---|
| 001 | CTU_92701 | ||
| 008 | 210402s9999 xx 000 0 und d | ||
| 020 | |c 151.59 | ||
| 082 | |a 624.1 | ||
| 082 | |b H582 | ||
| 100 | |a Herzog, Thomas | ||
| 245 | 0 | |a Timber construction manual | |
| 245 | 0 | |c Thomas Herzog | |
| 260 | |a Boston | ||
| 260 | |b Birkhauser- Publishers for Architecture | ||
| 260 | |c 2004 | ||
| 650 | |a Building, wooden | ||
| 650 | |x Handbooks, manuals, etc. | ||
| 904 | |i Tuyến | ||
| 980 | |a Trung tâm Học liệu Trường Đại học Cần Thơ | ||